000 00585nam a2200241Ia 4500
003 OSt
005 20220912145741.0
006 a|||||r|||| 00| 0
007 ta
008 220909b |||||||| |||| 00| 0 eng d
024 _a74941
037 _cTextual
040 _aCSL
_beng
_cCSL
041 _aeng
082 _aI5, bL0 CL
100 _aTaylor Georgius
245 0 _aIndex kewensis : Plantarum phanerogamarum
260 _c1970
300 _ap.
_ccm.
650 _aBotany
942 _hI5, bL0 CL
_cTEXL
_2CC
999 _c37513
_d37513